Tate McRae - Chansons de So Close To What par ordre alphabétique - Statistiques

Statistiques générales
  • Ce quiz a été pris 83 fois
    37 depuis la dernière actualisation
  • Le résultat moyen est 15 sur 21
Statistiques - réponses
Hint Réponse % Correct
So Close To What Chiffre 2 hands
92%
So Close To What D Dear god
92%
So Close To What B Bloodonmyhands (feat. Flo Milli)
83%
So Close To What A ANYTHING BUT LOVE
83%
So Close To What G Greenlight
83%
So Close To What I I know love (feat. The Kid Laroi)
79%
So Close To What. S Sports car
79%
So Close To What. N NOBODY'S GIRL
75%
So Close To What. N No I'm not in love
75%
So Close To What. T TIT FOR TAT
75%
So Close To What M Miss possessive
71%
So Close To What M Means I care
67%
So Close To What. P Purple lace bra
67%
So Close To What I It's ok I'm ok
63%
So Close To What L Like I do
63%
So Close To What. N Nostalgia
63%
So Close To What. R Revolving door
63%
So Close To What. S Siren sounds
63%
So Close To What. S Signs
58%
So Close To What. T TRYING ON SHOES
54%
So Close To What H HORSHOE
42%
Aucun quiz correspondant
Distribution des résultats
% des personnes avec chaque résultat
Percentile par nombre de réponses
Votre historique - résultats
Vous n’avez pas pris ce quiz depuis la dernière actualisation